LDR 01248naa#a2200205#i#450# 001 RU\\bibl\126824 005 20260701112526.3 011 ## _a1815-588X 100 ## _a20260630b2026####ek#y0rusy0150####ca 102 ## _aRU 200 1# _aКомпьютерная программа для определения параметров ультразвукового контроля сварных соединений в железнодорожной, а также в нефтегазотранспортной системах _eЖурнальная статья 210 1# _aСанкт-Петербург _cФГБОУ ВО "Петербургский государственный университет путей сообщения Императора Александра I" _d2026 215 ## _a7 с. 608 ## _aЖурнальная статья _2local 675 ## _aМетоды испытаний без разрушения. Дефектоскопия. 620.179.1 _z 700 #1 _aАфанасьева _gВиктория Дмитриевна 700 #1 _aВоробьев _gАлександр Алфеевич 700 #1 _aКоншина _gВера Николаевна 700 #1 _aНиколаев _gСергей Викторович 856 4# _aitt-pgups.ru _u